| 000 | 01036 a2200205 4500 | ||
|---|---|---|---|
| 001 | 27666 | ||
| 005 | 20260407155551.0 | ||
| 008 | 260407a1952 arg spa d | ||
| 003 | AR-UNSa-BCEJYS | ||
| 040 |
_aAR-UNSa-BCEJYS _bspa _cAR-UNSa-BCEJYS |
||
| 080 |
_a657 _xContabilidad |
||
| 245 | 1 | 0 | _aElementos de Contabilidad |
| 250 | _a2a. ed | ||
| 264 | 1 |
_aBarcelona : _bLabor _c1952 |
|
| 300 |
_a400 p. _c20 cm. |
||
| 505 | _aPARTE I: Generalidades : 1. Definiciones - 2.Los dos métodos de contabilidad - 3. De las diferentes operaciones comerciales por registrar - 4. Clasificaciones y análisis de las cuentas - PARTE II : 1. De los libros de contabilidad : 1. De los diferentes sistemas de teneduria de libros - 2. Primer sistema de teneduria de libros el diario y el mayor - 3. El inventario y el balance - 4. Segundo sistema de teneduria de libros , libros auxiliares - 5. Tercer sistema de teneduria de libros , el sistema centralizador. | ||
| 942 | _cBK | ||
| 590 | _aniveau_biblio:m niveau_hierar:0 | ||
| 100 | 1 | _aBatardon, Leon | |
| 999 |
_c1616 _d1616 |
||